000
00310nam a2200133Ia 4500
005
20251222143254.0
008
251222s9999||||xx |||||||||||||| ||spa||
020
_a
958-704-133-X
082
_a
220.4/A72
100
_a
Arias, Juan
245
0
_a
La Biblia y sus Secretos:
264
_b
Santillana
942
_c
LIB
999
_c
15058
_d
15058